Histoire de l'esclavage dans les colonies francaises

Wedi'i Gadw mewn:
Manylion Llyfryddiaeth
Prif Awdur: Martin, Gaston (autor)
Fformat: Llyfr
Iaith:Ffrangeg
Cyhoeddwyd: París Presses Universitaires de France 1948
Cyfres:Colonies et Empires. Serie Etudes coloniales, 4
Pynciau:
Tagiau: Ychwanegu Tag
Dim Tagiau, Byddwch y cyntaf i dagio'r cofnod hwn!

MARC

LEADER 00000nam a2200000 a 4500
001 UCZ1784
003 CL-VaPUC
008 950907e19480000FR |||||||||||||||||fre|d
082 0 4 |a 326.944  |b MAR  |2 21 
100 |a Martin, Gaston  |e autor  |9 337435 
245 1 0 |a Histoire de l'esclavage dans les colonies francaises 
300 |a 315 p 
942 |c BK 
945 |d 19950907 00:00:00  |a rbrito 
260 |a París  |b Presses Universitaires de France  |c 1948 
650 0 |a Esclavitud  |9 323605 
650 7 |a COLONIAS FRANCESAS  |2 CL-VaPUC  |9 345416 
650 0 |a Historia  |9 255047 
650 0 |a Ciencias Políticas  |9 255201 
651 0 |a Francia  |9 255157 
651 0 |a América  |9 255182 
583 |a last modification  |c 19950907 00:00:00  |k Rodrigo Vera 
490 0 |a Colonies et Empires. Serie Etudes coloniales, 4 
999 |c 238486  |d 238484 
952 |0 0  |1 0  |4 0  |6 326_944000000000000_MAR_1948  |7 0  |8 X  |9 248691  |a BIBHIS  |b BIBHIS  |d 2019-11-18  |i 3124215  |o 326.944 MAR 1948  |p 3124215  |r 2024-01-30  |w 2019-11-18  |y BK_X  |k HIS